000 01144nam a22002897a 4500
003 AR-RoUNA
005 20260408062851.0
040 _aAR-RoUNA
_bspa
_dAR-RoUNA
041 _aspa
044 _aag
110 _aMunicipalidad de Rosario.
_bSecretaria General de la Muncipalidad de Rosario.
_927450
245 1 0 _aDocumento base para la descentralización de la Municipalidad de Rosario.
260 _aRosario (Santa Fe, Argentina) :
_bMR,
_c199?.
300 _a30 p.
_bfot. col.
_bDiagrs.
_c27x27 cm.
505 0 _tI. INTRODUCCION
505 0 _tII. LA DESCENTRALIZACION COMO PROCESOS DE CAMBIO Y MEJORA DE LA GESTION PUBLICA
505 0 _tIII. LOS FUNDAMENTOS DE LA DESCENTRALIZACION EN LA CIUDAD DE ROSARIO
505 0 _tIV. LOS OBEJTIVOS DEL PROGRAMA DE DESCENTRALIZACION DE LA MUNICIPALIDAD DE ROSARIO
505 0 _tV. ACCIONES PREVISTAS PARA LA PUESTA EN MARCHA DEL PROGRAMA DE DESCENTRALIZACION
505 0 _tVI. CRONOGRAMA DE ACCIONES
505 0 _tVII. ANEXOS
651 0 _aRosario (Santa Fe, Argentina)
_91246
908 _aImp
942 _2udc
_cLIB
945 _d2025-09-22
999 _c12132
_d12132
980 _65
_aMaría Machado
_8
_gCRON CRON